NEKFEU - PAROLES - REUF - Statistiques

Statistiques générales
  • Ce quiz a été pris 84 fois
  • Le résultat moyen est 320 sur 484
Statistiques - réponses
Réponse % Correct
ce
98%
me
98%
mes
98%
c'est
96%
frères
96%
le
96%
reuf
96%
a
94%
à
94%
de
94%
je
94%
on
94%
pour
94%
les
93%
mère
93%
du
91%
et
91%
pas
91%
pas?
91%
sa
91%
vrai
91%
au
89%
autre
89%
d'une
89%
ma
89%
mon
89%
qui
89%
reufs
89%
si
89%
soeurs
89%
te
87%
toujours
87%
comme
85%
dans
85%
faux
85%
la
85%
petit
85%
se
85%
acquis
83%
amie
83%
arrières
83%
son
83%
vrais
83%
couvert
81%
petite
81%
un
81%
en
80%
fils
80%
même
80%
merde
80%
parle
80%
d'famille
78%
est
78%
mentir
78%
statut
78%
c'était
76%
des
76%
ça
74%
cher
74%
lui
74%
peut
74%
rentre
74%
cherché
72%
personne
72%
que
72%
potes
70%
voir
70%
y'en
70%
amis
69%
coûtent
69%
j'ai
69%
ne
69%
quand
69%
ses
69%
d'office
67%
fuck
67%
grosse
67%
grossesse
67%
j'continuerai
67%
mais
67%
mêlée
67%
ont
67%
voit
67%
boîte
65%
déni
65%
l'engueuler
65%
mic
65%
qu'on
65%
têtes
65%
tous
65%
traîtres
65%
ventre
65%
devant
63%
qu'il
63%
cheveux
61%
elle
61%
équipe
61%
lycée
61%
micro
61%
nuits
61%
seul
61%
siestes
61%
sur
61%
vais
61%
blanches
59%
j'étais
59%
lissés
59%
mariages
59%
réaliste
59%
s'il
59%
temps
59%
tu
59%
boules
57%
envoyait
57%
naissances
57%
perdre
57%
sauter
57%
cramées
56%
était
56%
paraître
56%
t'as
56%
celui
54%
ceux
54%
s'tape
54%
voile
54%
civilisés
52%
décevoir
52%
dis
52%
j'suis
52%
30
50%
déboule
50%
liste
50%
notre
50%
porte
50%
sais
50%
urgences
50%
vie
50%
y'avait
50%
massive
48%
meilleure
48%
plus
48%
rents-pa
48%
sans
46%
hey hey
44%
mignonne
44%
procès
44%
quasiment
44%
j'm'en
43%
serais
43%
disais
41%
faire
41%
j'ouvre
41%
n'importe
41%
passé
41%
secrètement
41%
serait
41%
toi
41%
adolescence
39%
bats
39%
ensemble
39%
fait
39%
regrette
39%
roubignoles
39%
appris
37%
autres
37%
brûle
37%
cages
37%
clips
37%
d'escalier
37%
dormir
37%
faut
37%
fidèle
37%
galère
37%
j'mets
37%
laisse
37%
qu'un
37%
rien
37%
vide
37%
voler
37%
avait
35%
avec
35%
endroits
35%
moi
35%
peux
35%
qu'une
35%
sang
35%
sûrement
35%
toit
35%
vivre
35%
escaladait
33%
grilles
33%
immeubles
33%
n'est
33%
open
33%
potos
33%
ton
33%
bar
31%
bébé
31%
chemin
31%
cons
31%
escale
31%
guignols
31%
mettre
31%
parce
31%
qu'elle
31%
S-crew
31%
sentiment
31%
serrer
31%
uns
31%
vaut
31%
belles
30%
demain
30%
devenir
30%
encore
30%
fenêtres
30%
hommes
30%
l'envers
30%
mort
30%
pense
30%
quittes
30%
rencontres
30%
sereinement
30%
tellement
30%
veille
30%
2001
28%
bras
28%
fallait
28%
froid
28%
l'amitié
28%
maintenant
28%
part
28%
s'appeler
28%
s'donne
28%
sécurité
28%
siffler
28%
ves-qui
28%
besoin
26%
corps
26%
dorment
26%
d'trucs
26%
en-dessous
26%
l'époque
26%
m'ont
26%
nos
26%
pire
26%
plains
26%
prend
26%
surnommé
26%
tour
26%
afin
24%
autour
24%
cru
24%
cuites
24%
grandi
24%
l'air
24%
cogne
22%
délires
22%
emprunt
22%
ici
22%
l'monde
22%
pendant
22%
qu'emmerder
22%
s'caler
22%
"Fennec"
20%
pèlerins
20%
faisait
19%
t'alerter
19%
téléphoner
19%
kabils
17%
langages
17%
m'man
17%
Aucun quiz correspondant
Distribution des résultats
% des personnes avec chaque résultat
Percentile par nombre de réponses
Votre historique - résultats
Vous n’avez pas pris ce quiz